[Event "DEM U12w 2019"]
[Site "Willingen GER"]
[Date "2019.06.12"]
[Round "5"]
[White "Trunz, Michelle"]
[Black "Petrosyan, Ani"]
[Result "1/2-1/2"]
[Termination "normal"]
[Board "7"]
[WhiteElo "1505"]
[BlackElo "1378"]
[WhiteClock "00:48:05"]
[BlackClock "00:56:43"]
[PlyCount "65"]
[WhiteFideId "16227980"]
[BlackFideId "16248015"]
[EventCountry "GER"]
[EventRounds "9"]
[EventType "swiss"]
[EventDate "2019.06.08"]

1. e4 {[%clk 1:30:59]} 1... c6 {[%clk 1:30:51]} 2. d4 {[%clk 1:31:24]} 2... d5
{[%clk 1:30:56]} 3. exd5 {[%clk 1:31:49]} 3... cxd5 {[%clk 1:31:12]} 4. c4 {
[%clk 1:32:08]} 4... Nf6 {[%clk 1:31:33]} 5. Nc3 {[%clk 1:32:31]} 5... g6 {
[%clk 1:31:46]} 6. Nf3 {[%clk 1:32:42]} 6... Bg7 {[%clk 1:31:57]} 7. Bg5 {
[%clk 1:31:57]} 7... O-O {[%clk 1:29:53]} 8. Bxf6 {[%clk 1:31:46]} 8... Bxf6 {
[%clk 1:30:14]} 9. Nxd5 {[%clk 1:31:18]} 9... Bg7 {[%clk 1:30:07]} 10. Qd2 {
[%clk 1:28:33]} 10... Nc6 {[%clk 1:27:03]} 11. Rd1 {[%clk 1:27:57]} 11... Bg4 {
[%clk 1:26:14]} 12. Qg5 {[%clk 1:03:16]} 12... Bxf3 {[%clk 1:23:39]} 13. gxf3 {
[%clk 1:03:25]} 13... e6 {[%clk 1:20:13]} 14. Qxd8 {[%clk 1:02:52]} 14... Rfxd8
{[%clk 1:20:29]} 15. Nc7 {[%clk 0:54:38]} 15... Rac8 {[%clk 1:19:54]} 16. d5 {
[%clk 0:51:31]} 16... Rxc7 {[%clk 1:15:28]} 17. dxc6 {[%clk 0:51:46]} 17...
Rxd1+ {[%clk 1:15:41]} 18. Kxd1 {[%clk 0:52:08]} 18... Rxc6 {[%clk 1:16:06]}
19. b3 {[%clk 0:51:42]} 19... Rd6+ {[%clk 1:16:00]} 20. Ke2 {[%clk 0:50:39]}
20... Bc3 {[%clk 1:11:34]} 21. a3 {[%clk 0:50:21]} 21... Rd2+ {[%clk 1:11:39]}
22. Ke3 {[%clk 0:50:38]} 22... e5 {[%clk 1:11:49]} 23. Bd3 {[%clk 0:50:08]}
23... f5 {[%clk 1:11:45]} 24. Rc1 {[%clk 0:49:38]} 24... f4+ {[%clk 1:08:23]}
25. Ke4 {[%clk 0:50:02]} 25... Bb2 {[%clk 1:07:43]} 26. Rc2 {[%clk 0:50:22]}
26... Rxc2 {[%clk 1:07:09]} 27. Bxc2 {[%clk 0:50:48]} 27... Bd4 {[%clk 1:05:44]
} 28. Kd5 {[%clk 0:49:59]} 28... Kf7 {[%clk 1:04:25]} 29. Kd6 {[%clk 0:49:49]}
29... Kf6 {[%clk 1:04:41]} 30. Kc7 {[%clk 0:48:59]} 30... b6 {[%clk 0:59:38]}
31. b4 {[%clk 0:49:01]} 31... Ke6 {[%clk 0:57:23]} 32. b5 {[%clk 0:48:32]}
32... Bxf2 {[%clk 0:56:43]} 33. Kb7 {[%clk 0:48:05]} 1/2-1/2

[Event "DEM U12w 2019"]
[Site "Willingen GER"]
[Date "2019.06.12"]
[Round "5"]
[White "Adelmeyer, Nelly"]
[Black "Labuda, Annika"]
[Result "1-0"]
[Termination "normal"]
[Board "8"]
[WhiteElo "1420"]
[BlackElo "1251"]
[WhiteClock "00:42:58"]
[BlackClock "00:48:35"]
[PlyCount "113"]
[WhiteFideId "16203577"]
[BlackFideId "16261453"]
[EventCountry "GER"]
[EventRounds "9"]
[EventType "swiss"]
[EventDate "2019.06.08"]

1. d4 1... d5 {[%clk 1:30:53]} 2. Nf3 {[%clk 1:31:23]} 2... Nf6 {[%clk 1:31:15]
} 3. e3 {[%clk 1:31:48]} 3... c5 {[%clk 1:31:21]} 4. Bd3 {[%clk 1:32:09]} 4...
Qc7 {[%clk 1:31:21]} 5. b3 {[%clk 1:31:48]} 5... Bg4 {[%clk 1:31:32]} 6. Nbd2 {
[%clk 1:32:06]} 6... e6 {[%clk 1:31:38]} 7. Bb2 {[%clk 1:32:17]} 7... Bd6 {
[%clk 1:31:36]} 8. h3 {[%clk 1:32:21]} 8... Bxf3 {[%clk 1:31:26]} 9. Nxf3 {
[%clk 1:32:41]} 9... O-O {[%clk 1:31:40]} 10. O-O {[%clk 1:33:04]} 10... Nbd7 {
[%clk 1:31:25]} 11. c4 {[%clk 1:33:15]} 11... Rac8 {[%clk 1:29:55]} 12. Qc2 {
[%clk 1:32:52]} 12... cxd4 {[%clk 1:29:04]} 13. exd4 {[%clk 1:32:42]} 13... b6
{[%clk 1:28:17]} 14. Rfe1 {[%clk 1:30:43]} 14... h6 {[%clk 1:25:51]} 15. Ne5 {
[%clk 1:25:55]} 15... Bb4 {[%clk 1:24:07]} 16. Re3 {[%clk 1:18:34]} 16... dxc4
{[%clk 1:21:00]} 17. Qxc4 {[%clk 1:13:18]} 17... Nxe5 {[%clk 1:19:37]} 18. dxe5
{[%clk 1:08:45]} 18... Qxc4 {[%clk 1:19:25]} 19. Bxc4 {[%clk 1:08:53]} 19...
Nd5 {[%clk 1:17:40]} 20. Bxd5 {[%clk 1:03:04]} 20... exd5 {[%clk 1:17:58]} 21.
a3 {[%clk 1:02:36]} 21... Be7 {[%clk 1:16:22]} 22. Rc1 {[%clk 0:57:23]} 22...
Rxc1+ {[%clk 1:16:14]} 23. Bxc1 {[%clk 0:57:48]} 23... Bg5 {[%clk 1:16:35]} 24.
Rc3 {[%clk 0:58:11]} 24... Bxc1 {[%clk 1:16:56]} 25. Rxc1 {[%clk 0:58:38]}
25... Re8 {[%clk 1:15:32]} 26. f4 {[%clk 0:58:51]} 26... Re7 {[%clk 1:15:21]}
27. Rc6 {[%clk 0:58:19]} 27... Rd7 {[%clk 1:15:15]} 28. Kf2 {[%clk 0:58:35]}
28... Kf8 {[%clk 1:14:53]} 29. Ke3 {[%clk 0:58:25]} 29... Ke7 {[%clk 1:14:05]}
30. Kd4 {[%clk 0:58:30]} 30... f6 {[%clk 1:09:58]} 31. exf6+ {[%clk 0:55:57]}
31... gxf6 {[%clk 1:10:19]} 32. f5 {[%clk 0:55:51]} 32... Kf7 {[%clk 1:10:13]}
33. g4 {[%clk 0:51:08]} 33... Kg7 {[%clk 1:09:56]} 34. h4 {[%clk 0:46:48]}
34... Kf7 {[%clk 1:09:42]} 35. b4 {[%clk 0:46:19]} 35... Kf8 {[%clk 0:58:59]}
36. Rxf6+ {[%clk 0:46:09]} 36... Kg8 {[%clk 0:59:11]} 37. Rg6+ {[%clk 0:45:36]}
37... Kh7 {[%clk 0:59:20]} 38. g5 {[%clk 0:46:00]} 38... hxg5 {[%clk 0:58:29]}
39. hxg5 {[%clk 0:46:24]} 39... b5 {[%clk 0:57:00]} 40. Re6 {[%clk 0:46:05]}
40... Kg8 {[%clk 0:54:32]} 41. Re5 {[%clk 0:46:20]} 41... Rc7 {[%clk 0:54:03]}
42. Kxd5 {[%clk 0:46:29]} 42... Kf7 {[%clk 0:52:47]} 43. Kd6 {[%clk 0:46:34]}
43... Rb7 {[%clk 0:52:58]} 44. Kc6 {[%clk 0:46:47]} 44... Rb6+ {[%clk 0:52:50]}
45. Kc5 {[%clk 0:45:02]} 45... Rb7 {[%clk 0:52:41]} 46. Re6 {[%clk 0:44:55]}
46... Kg8 {[%clk 0:51:48]} 47. Ra6 {[%clk 0:43:02]} 47... Kh7 {[%clk 0:50:13]}
48. Rg6 {[%clk 0:41:43]} 48... Rf7 {[%clk 0:50:13]} 49. Rf6 {[%clk 0:41:50]}
49... Rb7 {[%clk 0:49:15]} 50. g6+ {[%clk 0:40:51]} 50... Kg7 {[%clk 0:48:00]}
51. Rf7+ {[%clk 0:40:31]} 51... Rxf7 {[%clk 0:48:24]} 52. gxf7 {[%clk 0:40:57]}
52... Kxf7 {[%clk 0:47:17]} 53. Kxb5 {[%clk 0:41:21]} 53... Kf6 {[%clk 0:47:31]
} 54. Ka6 {[%clk 0:41:47]} 54... Kxf5 {[%clk 0:47:55]} 55. Kxa7 {[%clk 0:41:47]
} 55... Ke6 {[%clk 0:48:18]} 56. b5 {[%clk 0:42:33]} 56... Kd7 {[%clk 0:48:35]}
57. b6 {[%clk 0:42:58]} 1-0

[Event "DEM U12w 2019"]
[Site "Willingen GER"]
[Date "2019.06.12"]
[Round "5"]
[White "Glowiak, Alexandra"]
[Black "Peglau, Dora"]
[Result "1-0"]
[Termination "normal"]
[Board "9"]
[WhiteElo "1439"]
[BlackElo "1336"]
[WhiteClock "00:23:30"]
[BlackClock "00:17:18"]
[PlyCount "83"]
[WhiteFideId "16259530"]
[BlackFideId "16220005"]
[EventCountry "GER"]
[EventRounds "9"]
[EventType "swiss"]
[EventDate "2019.06.08"]

1. e4 {[%clk 1:30:58]} 1... c5 {[%clk 1:30:51]} 2. Nf3 {[%clk 1:31:20]} 2... e6
{[%clk 1:31:12]} 3. d4 {[%clk 1:27:03]} 3... cxd4 {[%clk 1:31:34]} 4. Nxd4 {
[%clk 1:27:28]} 4... a6 {[%clk 1:31:44]} 5. c4 {[%clk 1:24:48]} 5... Nc6 {
[%clk 1:31:27]} 6. a3 {[%clk 1:21:22]} 6... Nf6 {[%clk 1:26:17]} 7. Nc3 { [%clk
1:18:35]} 7... Be7 {[%clk 1:25:04]} 8. Be2 {[%clk 1:17:04]} 8... O-O { [%clk
1:24:11]} 9. O-O {[%clk 1:15:39]} 9... Qc7 {[%clk 1:16:30]} 10. Be3 { [%clk
1:02:13]} 10... Rd8 {[%clk 1:11:58]} 11. f4 {[%clk 0:56:41]} 11... d6 { [%clk
1:05:42]} 12. Qc2 {[%clk 0:50:14]} 12... Bd7 {[%clk 1:00:17]} 13. f5 { [%clk
0:46:16]} 13... Nxd4 {[%clk 0:54:53]} 14. Bxd4 {[%clk 0:46:12]} 14... exf5
{[%clk 0:55:02]} 15. exf5 {[%clk 0:46:21]} 15... Be8 {[%clk 0:47:02]} 16. Na4
{[%clk 0:37:57]} 16... Bxa4 {[%clk 0:46:07]} 17. Qxa4 {[%clk 0:38:21]} 17... d5
{[%clk 0:44:04]} 18. Rac1 {[%clk 0:33:46]} 18... dxc4 {[%clk 0:39:42]} 19. Rxc4
{[%clk 0:33:47]} 19... Qd7 {[%clk 0:39:35]} 20. Qxd7 {[%clk 0:31:10]} 20...
Rxd7 {[%clk 0:38:49]} 21. Re1 {[%clk 0:30:21]} 21... Nd5 {[%clk 0:34:39]} 22.
Bg4 {[%clk 0:27:47]} 22... Bf6 {[%clk 0:34:29]} 23. Bxf6 {[%clk 0:27:29]} 23...
Nxf6 {[%clk 0:34:52]} 24. Rec1 {[%clk 0:27:14]} 24... h6 {[%clk 0:31:14]} 25.
Bf3 {[%clk 0:26:33]} 25... Rad8 {[%clk 0:26:13]} 26. Rc8 {[%clk 0:25:40]} 26...
Rxc8 {[%clk 0:25:39]} 27. Rxc8+ {[%clk 0:26:07]} 27... Kh7 { [%clk 0:26:02]}
28. Rb8 {[%clk 0:26:13]} 28... b5 {[%clk 0:25:19]} 29. Rb6 { [%clk 0:25:57]}
29... Rd2 {[%clk 0:25:02]} 30. b4 {[%clk 0:24:38]} 30... Nd5 { [%clk 0:19:02]}
31. Rd6 {[%clk 0:24:32]} 31... Rd3 {[%clk 0:18:23]} 32. Rxd5 { [%clk 0:24:22]}
32... Rxa3 {[%clk 0:18:32]} 33. Rd4 {[%clk 0:24:10]} 33... a5 { [%clk 0:18:18]}
34. bxa5 {[%clk 0:24:20]} 34... Rxa5 {[%clk 0:18:41]} 35. Rb4 { [%clk 0:24:23]}
35... Ra1+ {[%clk 0:18:42]} 36. Kf2 {[%clk 0:24:45]} 36... Ra5 {[%clk 0:16:54]}
37. Bc6 {[%clk 0:24:42]} 37... g6 {[%clk 0:16:38]} 38. fxg6+ { [%clk 0:24:47]}
38... fxg6 {[%clk 0:16:49]} 39. Rxb5 {[%clk 0:24:18]} 39... Rxb5 {[%clk
0:16:33]} 40. Bxb5 {[%clk 0:24:40]} 40... g5 {[%clk 0:17:00]} 41. Bd3+ {[%clk
0:24:40]} 41... Kg7 {[%clk 0:17:18]} 42. Kg3 {[%clk 0:23:30]} 1-0

[Event "DEM U12w 2019"]
[Site "Willingen GER"]
[Date "2019.06.12"]
[Round "5"]
[White "von Beckh, Frieda"]
[Black "Prinzen, Siri Marleen"]
[Result "1/2-1/2"]
[Termination "normal"]
[Board "10"]
[WhiteElo "1465"]
[BlackElo "1505"]
[PlyCount "64"]
[WhiteFideId "16233751"]
[BlackFideId "16265912"]
[EventCountry "GER"]
[EventRounds "9"]
[EventType "swiss"]
[EventDate "2019.06.08"]

1. e4 c6 2. d4 d5 3. Nd2 dxe4 4. Nxe4 Nd7 5. Bc4 Ngf6 6. Ng5 e6 7. Qe2 Nb6 8.
Bd3 h6 9. N5f3 Bd6 10. Ne5 Bd7 11. Ngf3 Rc8 12. g4 Nh7 13. Rg1 Ng5 14. h4 Nxf3+
15. Nxf3 Be7 16. g5 hxg5 17. Bxg5 Bxg5 18. Rxg5 Qf6 19. O-O-O Kd8 20. Rdg1 g6
21. R1g3 Kc7 22. Qe3 Nd5 23. Qd2 Qf4 24. Qxf4+ Nxf4 25. Bc4 Kb8 26. Ne5 Be8 27.
R5g4 Nh5 28. Rf3 Rc7 29. Rg5 Ng7 30. Rg4 Nf5 31. Rh3 Rc8 32. Bd3 Rd8 1/2-1/2

[Event "DEM U12w 2019"]
[Site "Willingen GER"]
[Date "2019.06.12"]
[Round "5"]
[White "Ramien, Hannah"]
[Black "Lieberwirth, Nele"]
[Result "1-0"]
[Termination "normal"]
[Board "11"]
[WhiteElo "1296"]
[BlackElo "1385"]
[PlyCount "65"]
[WhiteFideId "16209982"]
[BlackFideId "16259483"]
[EventCountry "GER"]
[EventRounds "9"]
[EventType "swiss"]
[EventDate "2019.06.08"]

1. e4 e5 2. Nf3 Nc6 3. Bc4 Nf6 4. d3 Bc5 5. c3 Qe7 6. Bb3 O-O 7. Nbd2 d6 8. h3
Be6 9. Bc2 a6 10. Nf1 Ba7 11. Ng3 d5 12. Qe2 Rad8 13. O-O d4 14. c4 b5 15. b3
Nd7 16. Re1 h6 17. Bd2 f5 18. exf5 Bxf5 19. Nxf5 Rxf5 20. Qe4 Qe6 21. Rac1 Nc5
22. Qe2 Re8 23. cxb5 axb5 24. b4 Kh8 25. bxc5 Bxc5 26. Bb3 Qf6 27. Rxc5 Rh5 28.
Ng5 Rh4 29. g3 hxg5 30. gxh4 Qd6 31. Qh5+ Qh6 32. Qxe8+ Kh7 33. Bg8+ 1-0

[Event "DEM U12w 2019"]
[Site "Willingen GER"]
[Date "2019.06.12"]
[Round "5"]
[White "Stepanjan, Marianne"]
[Black "Eichhorn, Mathilda Sophie"]
[Result "1/2-1/2"]
[Termination "normal"]
[Board "12"]
[WhiteElo "1312"]
[BlackElo "1452"]
[PlyCount "44"]
[WhiteFideId "16246110"]
[BlackFideId "16242289"]
[EventCountry "GER"]
[EventRounds "9"]
[EventType "swiss"]
[EventDate "2019.06.08"]

1. e4 e6 2. d4 d5 3. Nc3 dxe4 4. Nxe4 Nd7 5. Nf3 Ngf6 6. Bd3 Nxe4 7. Bxe4 Nf6
8. Bd3 c5 9. c3 Bd6 10. Bg5 O-O 11. Qc2 h6 12. Bh4 b6 13. Be4 Rb8 14. Ne5 Bb7
15. Bxf6 gxf6 16. Nc6 Bxc6 17. Bxc6 cxd4 18. cxd4 Bb4+ 19. Kf1 Qxd4 20. Rd1 Qc5
21. Qe4 Rbc8 22. Qg4+ Qg5 1/2-1/2

[Event "DEM U12w 2019"]
[Site "Willingen GER"]
[Date "2019.06.12"]
[Round "5"]
[White "Ulrich, Helena Irene"]
[Black "Vianden, Ella"]
[Result "1-0"]
[Termination "normal"]
[Board "13"]
[WhiteElo "1514"]
[BlackElo "1328"]
[PlyCount "105"]
[WhiteFideId "16256000"]
[BlackFideId "16235592"]
[EventCountry "GER"]
[EventRounds "9"]
[EventType "swiss"]
[EventDate "2019.06.08"]

1. e4 c5 2. Nf3 Nc6 3. d4 cxd4 4. Nxd4 Nf6 5. Nc3 d6 6. Be3 e5 7. Nb3 Be7 8. f3
a5 9. Qd2 a4 10. Nc1 a3 11. b3 Be6 12. Be2 d5 13. exd5 Nxd5 14. Nxd5 Bxd5 15.
O-O Rc8 16. c4 Be6 17. Nd3 O-O 18. Rfd1 Re8 19. Rac1 Kh8 20. b4 Qd7 21. b5 Nd8
22. Nxe5 Qxd2 23. Rxd2 f6 24. Nd7 Rc7 25. Nb6 Rc5 26. Nd5 Rc8 27. Nxe7 Rxe7 28.
Rc3 Nf7 29. Rxa3 g6 30. c5 Ne5 31. Ra7 Rcc7 32. a4 Bc4 33. Bxc4 Nxc4 34. Rd8+
Kg7 35. Bf4 Rcd7 36. Rxd7 Rxd7 37. c6 Rd1+ 38. Kf2 g5 39. Rxb7+ Kg6 40. Be3
Nxe3 41. Kxe3 Re1+ 42. Kf2 Re8 43. c7 Rc8 44. b6 Ra8 45. Ra7 Rc8 46. b7 Rxc7
47. b8=Q Rc2+ 48. Ke3 Rc3+ 49. Kd2 Rc5 50. Qb1+ f5 51. Qb6+ Rc6 52. Qxc6+ Kh5
53. Rxh7# 1-0

[Event "DEM U12w 2019"]
[Site "Willingen GER"]
[Date "2019.06.12"]
[Round "5"]
[White "Sohr, Luna"]
[Black "Alhassan, Jodi"]
[Result "1/2-1/2"]
[Termination "normal"]
[Board "14"]
[WhiteElo "1357"]
[BlackElo "1108"]
[PlyCount "55"]
[WhiteFideId "16251261"]
[BlackFideId "16250460"]
[EventCountry "GER"]
[EventRounds "9"]
[EventType "swiss"]
[EventDate "2019.06.08"]

1. d4 d5 2. c4 c6 3. cxd5 cxd5 4. Nc3 Nf6 5. Bf4 Nc6 6. e3 a6 7. Bd3 Bg4 8.
Nge2 e6 9. a3 Bd6 10. Bxd6 Qxd6 11. h3 Bh5 12. f4 O-O 13. O-O b5 14. b4 Rac8
15. Rc1 Rfe8 16. Qe1 Ne7 17. Qf2 Rf8 18. Ng3 Bg6 19. f5 exf5 20. Nxf5 Bxf5 21.
Bxf5 Nxf5 22. Qxf5 Qe6 23. Qf3 Rfe8 24. Rfe1 h6 25. Qf4 Nh5 26. Qg4 Qxg4 27.
hxg4 Nf6 28. Kf1 1/2-1/2

[Event "DEM U12w 2019"]
[Site "Willingen GER"]
[Date "2019.06.12"]
[Round "5"]
[White "Wille, Melanie"]
[Black "Irrgang, Natascha"]
[Result "0-1"]
[Termination "normal"]
[Board "15"]
[WhiteElo "1083"]
[BlackElo "1210"]
[PlyCount "84"]
[WhiteFideId "16287037"]
[BlackFideId "16257545"]
[EventCountry "GER"]
[EventRounds "9"]
[EventType "swiss"]
[EventDate "2019.06.08"]

1. e4 e5 2. Nf3 Nc6 3. d4 exd4 4. Bc4 Nf6 5. e5 Ne4 6. O-O Be7 7. Nxd4 O-O 8.
Nf5 d6 9. Qg4 Bxf5 10. Qxf5 Nc5 11. Rd1 Nxe5 12. Bb3 Bf6 13. Nc3 Qe8 14. Nd5
Bd8 15. Bg5 Ne6 16. Bf4 Ng6 17. Re1 Qc6 18. Nb4 Qd7 19. Nd3 Re8 20. Rad1 Bf6
21. Nc5 Nxc5 22. Qxd7 Nxd7 23. Kf1 Nxf4 24. Ba4 Rxe1+ 25. Rxe1 Nc5 26. Bb3 Nxb3
27. axb3 Bxb2 28. Re7 Rc8 29. Rd7 Kf8 30. g3 Ne6 31. f4 Ke8 32. Rxf7 Kxf7 33.
Kg2 Re8 34. Kh3 g5 35. fxg5 Nxg5+ 36. Kh4 Ne4 37. c4 Rg8 38. b4 Nf2 39. b5 Bc1
40. Kh5 Rg5+ 41. Kh4 Kg6 42. h3 Rh5# 0-1

[Event "DEM U12w 2019"]
[Site "Willingen GER"]
[Date "2019.06.12"]
[Round "5"]
[White "Hoffmann, Sophia"]
[Black "Kosak, Karolina"]
[Result "1-0"]
[Termination "normal"]
[Board "16"]
[WhiteElo "1347"]
[BlackElo "1139"]
[PlyCount "43"]
[WhiteFideId "16259130"]
[BlackFideId "14640503"]
[EventCountry "GER"]
[EventRounds "9"]
[EventType "swiss"]
[EventDate "2019.06.08"]

1. d4 d5 2. Nc3 Nf6 3. Bg5 c5 4. dxc5 e6 5. Bxf6 Qxf6 6. e4 Bxc5 7. Nf3 dxe4 8.
Nxe4 Qxb2 9. c3 Qb6 10. Rb1 Qc7 11. Bd3 Bb6 12. O-O e5 13. Qa4+ Bd7 14. Bb5 a6
15. Nxe5 Qxe5 16. Bxd7+ Nxd7 17. Rxb6 Qc7 18. Nd6+ Kf8 19. Rxb7 Qxd6 20. Rxd7
Qf6 21. Qe4 g6 22. Qxa8+ 1-0

[Event "DEM U12w 2019"]
[Site "Willingen GER"]
[Date "2019.06.12"]
[Round "5"]
[White "Reddi, Bhuvana"]
[Black "Sens, Gerda"]
[Result "0-1"]
[Termination "normal"]
[Board "17"]
[WhiteElo "1090"]
[BlackElo "1018"]
[PlyCount "56"]
[WhiteFideId "16287002"]
[BlackFideId "16287029"]
[EventCountry "GER"]
[EventRounds "9"]
[EventType "swiss"]
[EventDate "2019.06.08"]

1. e4 e5 2. Nf3 Nc6 3. Nc3 Nf6 4. d4 exd4 5. Nxd4 Bc5 6. Be3 d6 7. Bb5 Bd7 8.
O-O O-O 9. Nxc6 bxc6 10. Bc4 Bg4 11. Qd3 Bb6 12. f4 Qe7 13. Bxb6 axb6 14. Rae1
Ra5 15. h3 Bh5 16. g4 d5 17. exd5 Qc5+ 18. Kg2 h6 19. gxh5 Nxh5 20. Kf3 Qd6 21.
Qd2 Qg6 22. Rg1 Qf5 23. Rh1 Nf6 24. Reg1 Qh5+ 25. Ke3 Re8+ 26. Kd4 c5+ 27. Kd3
Qf3+ 28. Qe3 Qxe3# 0-1

[Event "DEM U12w 2019"]
[Site "Willingen GER"]
[Date "2019.06.12"]
[Round "5"]
[White "Müller, Eva"]
[Black "Hengst, Sarah"]
[Result "1-0"]
[Termination "normal"]
[Board "18"]
[WhiteElo "1031"]
[BlackElo "958"]
[PlyCount "83"]
[WhiteFideId "16286995"]
[BlackFideId "16286030"]
[EventCountry "GER"]
[EventRounds "9"]
[EventType "swiss"]
[EventDate "2019.06.08"]

1. e4 e5 2. Nf3 Nf6 3. d4 d6 4. Nc3 Bg4 5. dxe5 dxe5 6. Qxd8+ Kxd8 7. Nxe5 Be6
8. Bg5 Be7 9. O-O-O+ Ke8 10. Bc4 Bxc4 11. Nxc4 h6 12. Bh4 Nc6 13. Rhe1 Bb4 14.
Bxf6 gxf6 15. Nd5 Bxe1 16. Nxc7+ Kf8 17. Nxa8 Bxf2 18. Rf1 Bh4 19. Nd6 Bg5+ 20.
Kb1 Ne5 21. Nxb7 Kg7 22. Nc7 Rc8 23. Nd6 Rd8 24. Rd1 Kh7 25. b4 Nc6 26. b5 Bf4
27. Nce8 Bxd6 28. Nxd6 Ne7 29. c4 Nc8 30. c5 Kg6 31. a4 Kg5 32. Nxf7+ Kg6 33.
Nxd8 Ne7 34. a5 f5 35. e5 Kg5 36. b6 axb6 37. cxb6 f4 38. b7 h5 39. b8=Q h4 40.
Qb3 Kg4 41. Qe6+ Nf5 42. Qg6# 1-0

[Event "DEM U12w 2019"]
[Site "Willingen GER"]
[Date "2019.06.12"]
[Round "5"]
[White "Leongardt, Adel"]
[Black "Heuberger, Sandra"]
[Result "1-0"]
[Termination "normal"]
[Board "19"]
[WhiteElo "1179"]
[BlackElo "1077"]
[PlyCount "57"]
[WhiteFideId "16256549"]
[BlackFideId "16232151"]
[EventCountry "GER"]
[EventRounds "9"]
[EventType "swiss"]
[EventDate "2019.06.08"]

1. e4 e5 2. Nf3 Nc6 3. d4 exd4 4. Nxd4 Nf6 5. Nxc6 bxc6 6. e5 Nd5 7. c4 Nb6 8.
c5 Bxc5 9. Qg4 d6 10. Qxg7 Rf8 11. Bh6 Bb4+ 12. Nc3 d5 13. a3 Be7 14. Qxh7 Rb8
15. Bxf8 Bxf8 16. Qg8 Qe7 17. f4 Nd7 18. Be2 Rxb2 19. O-O Rb3 20. Nd1 Rxa3 21.
Rxa3 Qxa3 22. Bh5 Qe7 23. Re1 Nc5 24. Nf2 Bf5 25. Ra1 a6 26. Ra5 Nb3 27. Rxa6
Qb4 28. Qxf7+ Kd8 29. Qe8# 1-0

[Event "DEM U12w 2019"]
[Site "Willingen GER"]
[Date "2019.06.12"]
[Round "5"]
[White "Haarmann, Belanna"]
[Black "Scheiding, Sophia"]
[Result "1-0"]
[Termination "normal"]
[Board "20"]
[WhiteElo "1065"]
[BlackElo "1133"]
[PlyCount "93"]
[WhiteFideId "16273508"]
[BlackFideId "16287010"]
[EventCountry "GER"]
[EventRounds "9"]
[EventType "swiss"]
[EventDate "2019.06.08"]

1. e4 e5 2. Nf3 Nc6 3. Bc4 Nd4 4. Nxd4 exd4 5. d3 Bc5 6. Bf4 Nf6 7. Bg5 O-O 8.
Nd2 c6 9. a3 Be7 10. e5 Ne8 11. Bxe7 Qxe7 12. Nf3 d5 13. Ba2 Bg4 14. O-O Bxf3
15. Qxf3 Qxe5 16. Rfe1 Qf6 17. Qxf6 Nxf6 18. c3 dxc3 19. bxc3 Rad8 20. Rab1 d4
21. cxd4 Rxd4 22. Rxb7 Ra4 23. Rb3 Re8 24. Rxe8+ Nxe8 25. h3 c5 26. Rc3 a6 27.
Rxc5 Rxa3 28. Bc4 Ra1+ 29. Kh2 g6 30. Rc6 Kg7 31. Rxa6 Rf1 32. Kg3 Nf6 33. d4
Ne4+ 34. Kf3 Re1 35. Bb5 Nd2+ 36. Kg3 f5 37. d5 Ne4+ 38. Kf4 Nxf2 39. d6 Re4+
40. Kf3 Nd1 41. d7 Re3+ 42. Kf4 Re4+ 43. Kg3 f4+ 44. Kh2 Rd4 45. Ra7 Nc3 46.
d8=Q+ Kh6 47. Qh4# 1-0